[Event "Como Primavera op 9th"]
[Site "Como"]
[Date "2014.03.20"]
[Round "3"]
[White "Frignani, Alessandro"]
[Black "Lipari, Alberto"]
[Result "0-1"]
[WhiteElo "1410"]
[BlackElo "1525"]
[PlyCount "64"]
[EventDate "2014.03.06"]
[EventType "swiss"]
[EventRounds "7"]
[EventCountry "ITA"]
[SourceTitle "EXT 2015"]
[Source "ChessBase"]
[SourceDate "2014.11.20"]
[SourceVersion "1"]
[SourceVersionDate "2014.11.20"]
[SourceQuality "1"]

1. e4 g6 2. Bc4 Bg7 3. Qf3 e6 4. c3 Ne7 5. d4 0-0 6. h4 d5 7. Bd3 dxe4 8. Bxe4 Nf5 9. Bxb7 Bxb7 10. Qxb7 Nd7 11. g3 Nd6 12. Qa6 Nb6 13. Be3 Nbc4 14. b3 Nxe3 15. fxe3 Ne4 16. Rh3 e5 17. Qc6 f5 18. Nd2 Rf6 19. Qc4+ Rf7 20. Nxe4 fxe4 21. Rh2 exd4 22. cxd4 Bh6 23. Kd2 Qf6 24. Re1 a5 25. Qd5 Rd8 26. Qxe4 Rxd4+ 27. Qxd4 Qxd4+ 28. Kc2 Bxe3 29. Nf3 Qe4+ 30. Kb2 Bd4+ 31. Ka3 Qxe1 32. Ng5 Qb4# 0-1

[Event "Villa Guardia D Oro Cup 31st"]
[Site "Villa Guardia"]
[Date "2013.11.03"]
[Round "6"]
[White "Ronconi, Fausto"]
[Black "Lipari, Alberto"]
[Result "1-0"]
[WhiteElo "1678"]
[BlackElo "1531"]
[PlyCount "45"]
[EventDate "2013.11.01"]
[EventType "swiss"]
[EventRounds "6"]
[EventCountry "ITA"]
[SourceTitle "EXT 2015"]
[Source "ChessBase"]
[SourceDate "2014.11.20"]
[SourceVersion "1"]
[SourceVersionDate "2014.11.20"]
[SourceQuality "1"]

1. d4 g6 2. c4 Bg7 3. Nc3 d6 4. Nf3 Nc6 5. g3 e5 6. dxe5 Nxe5 7. Nxe5 Bxe5 8. Ne4 Bf5 9. Bg2 c6 10. 0-0 Bxe4 11. Bxe4 f5 12. Bg2 Qf6 13. Rb1 Ne7 14. Be3 f4 15. Bd2 0-0-0 16. Qa4 a6 17. b4 fxg3 18. fxg3 Qe6 19. b5 Bd4+ 20. Kh1 axb5 21. cxb5 Kd7 22. bxc6+ Nxc6 23. Rxb7+ 1-0

[Event "Milan Crespi op-C 33rd"]
[Site "Milan"]
[Date "2012.12.05"]
[Round "1"]
[White "Lipari, Alberto"]
[Black "Podetti, Davide"]
[Result "0-1"]
[WhiteElo "1604"]
[BlackElo "1712"]
[PlyCount "82"]
[EventDate "2012.12.05"]
[EventType "swiss"]
[EventRounds "7"]
[EventCountry "ITA"]
[SourceTitle "EXT 2024"]
[Source "ChessBase"]
[SourceDate "2023.10.10"]
[SourceVersion "1"]
[SourceVersionDate "2023.10.10"]
[SourceQuality "1"]

1. c4 Nf6 2. d4 e6 3. Nc3 Bb4 4. Nf3 c5 5. Bg5 d6 6. e3 Nbd7 7. Be2 Qa5 8. Qc2 cxd4 9. Bxf6 Nxf6 10. exd4 Bxc3+ 11. Qxc3 Qxc3+ 12. bxc3 Bd7 13. Bd3 0-0 14. 0-0 Rac8 15. Rac1 Rfe8 16. Rfe1 Red8 17. Nd2 b6 18. Ne4 Nxe4 19. Rxe4 f5 20. Re3 Rc7 21. d5 e5 22. Rb1 f4 23. Ree1 Rb8 24. g3 g5 25. gxf4 gxf4 26. Kh1 Bg4 27. Rg1 Rg7 28. Be4 Rc8 29. f3 Rxc4 30. Bxh7+ Kxh7 31. fxg4 Rxc3 32. Rb3 Rxb3 33. axb3 e4 34. h3 Rg5 35. Rc1 Rxd5 36. Rc7+ Kg6 37. Re7 Re5 38. Rxa7 e3 39. Ra1 f3 40. Kg1 d5 41. Rd1 f2+ 0-1

[Event "Como Primavera op 7th"]
[Site "Como"]
[Date "2012.05.03"]
[Round "3"]
[White "Lipari, Alberto"]
[Black "Broggi, Lorenzo"]
[Result "0-1"]
[WhiteElo "1609"]
[BlackElo "1557"]
[PlyCount "82"]
[EventDate "2012.04.19"]
[EventType "swiss"]
[EventRounds "7"]
[EventCountry "ITA"]
[SourceTitle "EXT 2024"]
[Source "ChessBase"]
[SourceDate "2023.10.10"]
[SourceVersion "1"]
[SourceVersionDate "2023.10.10"]
[SourceQuality "1"]

1. c4 Nf6 2. d4 e6 3. Nc3 Bb4 4. Bg5 0-0 5. e4 h6 6. Bxf6 Qxf6 7. e5 Qe7 8. Nf3 c5 9. a3 cxd4 10. Nxd4 Bxc3+ 11. bxc3 Nc6 12. Qh5 Qc5 13. Nxc6 bxc6 14. Be2 f6 15. exf6 Qxh5 16. Bxh5 Rxf6 17. 0-0 Ba6 18. Rfd1 Rd8 19. Rd6 Bxc4 20. Rad1 Rf5 21. g4 Rd5 22. R6xd5 Bxd5 23. Bg6 c5 24. Rb1 Bc6 25. f4 Kf8 26. Kf2 Ke7 27. h4 Kf6 28. h5 d6 29. Kg3 d5 30. Kh4 d4 31. cxd4 Rxd4 32. Kg3 Be4 33. Bxe4 Rxe4 34. Kf3 Rc4 35. Rb3 e5 36. fxe5+ Kxe5 37. Re3+ Kf6 38. Rd3 Rd4 39. Rxd4 cxd4 40. Ke4 d3 41. Kxd3 Kg5 0-1

[Event "Ceriano Laghetto op-B 21st"]
[Site "Ceriano Laghetto"]
[Date "2012.03.??"]
[Round "1"]
[White "Lipari, Alberto"]
[Black "Miracola, Giorgia"]
[Result "0-1"]
[WhiteElo "1609"]
[BlackElo "1796"]
[PlyCount "100"]
[EventDate "2012.03.24"]
[EventType "swiss"]
[EventRounds "5"]
[EventCountry "ITA"]
[SourceTitle "EXT 2024"]
[Source "ChessBase"]
[SourceDate "2023.10.10"]
[SourceVersion "1"]
[SourceVersionDate "2023.10.10"]
[SourceQuality "1"]

1. c4 e5 2. Nc3 Nf6 3. g3 Nc6 4. a3 a6 5. Bg2 Bc5 6. e3 0-0 7. Nge2 Re8 8. 0-0 d6 9. d4 Ba7 10. b4 Bg4 11. Qd3 e4 12. Qc2 Qd7 13. Nf4 Bf5 14. Nfd5 Nxd5 15. cxd5 Ne7 16. Qb3 Ng6 17. h4 Bh3 18. Kh2 Bxg2 19. Kxg2 Qg4 20. Kh2 c5 21. dxc6 bxc6 22. Qd1 Qe6 23. f4 Qc4 24. Bd2 Bxd4 25. Rc1 Ba7 26. Ne2 Qd5 27. Nc3 Qf5 28. Qe2 d5 29. g4 Qf6 30. g5 Qf5 31. h5 Nh4 32. Kg3 Nf3 33. Nd1 Rec8 34. Rxf3 exf3 35. Qxf3 c5 36. Nc3 Rd8 37. b5 axb5 38. Nxb5 Qd3 39. Nxa7 Rxa7 40. Rd1 Qxa3 41. Bc1 Qb3 42. Kg4 Rad7 43. Qe2 d4 44. Rd3 Qb5 45. Bb2 dxe3 46. Rxe3 Qxe2+ 47. Rxe2 Rd2 48. Rxd2 Rxd2 49. Ba3 c4 50. Kf3 Rd3+ 0-1

[Event "Monza und Brianza Province-ch"]
[Site "Barlassina"]
[Date "2012.02.05"]
[Round "4"]
[White "Lipari, Alberto"]
[Black "Guzzetti, Luigi Enrico"]
[Result "0-1"]
[WhiteElo "1624"]
[BlackElo "1905"]
[PlyCount "78"]
[EventDate "2012.02.03"]
[EventType "swiss"]
[EventRounds "5"]
[EventCountry "ITA"]
[SourceTitle "EXT 2024"]
[Source "ChessBase"]
[SourceDate "2023.10.10"]
[SourceVersion "1"]
[SourceVersionDate "2023.10.10"]
[SourceQuality "1"]

1. c4 Nf6 2. d4 g6 3. Nc3 Bg7 4. Nf3 0-0 5. e4 d6 6. Be2 c5 7. 0-0 cxd4 8. Nxd4 Nc6 9. Be3 Bd7 10. a3 Rc8 11. Rc1 a6 12. Qd2 Na5 13. b4 Nxc4 14. Bxc4 Rxc4 15. Qd3 Rc8 16. f4 Ng4 17. h3 Nxe3 18. Qxe3 Qb6 19. Nce2 Bb5 20. Kf2 Bxd4 21. Nxd4 Bxf1 22. Rxf1 e5 23. fxe5 dxe5 24. Ne2 Qxe3+ 25. Kxe3 Rfd8 26. g4 Rc2 27. a4 Rb2 28. Nc3 Rb3 29. Rc1 Kf8 30. b5 Rc8 31. Kd3 axb5 32. axb5 Rxb5 33. Nxb5 Rxc1 34. Kd2 Rb1 35. Nc3 Rb2+ 36. Kc1 Rh2 37. Nd5 Rxh3 38. Nf6 Ke7 39. g5 h5 0-1

[Event "Vimercate op 5th"]
[Site "Vimercate"]
[Date "2011.11.26"]
[Round "3"]
[White "Marzo, Matteo"]
[Black "Lipari, Alberto"]
[Result "1-0"]
[WhiteElo "1603"]
[BlackElo "1652"]
[PlyCount "103"]
[EventDate "2011.11.25"]
[EventType "swiss"]
[EventRounds "5"]
[EventCountry "ITA"]
[SourceTitle "EXT 2014"]
[Source "ChessBase"]
[SourceDate "2013.11.20"]
[SourceVersion "1"]
[SourceVersionDate "2013.11.20"]
[SourceQuality "1"]

1. e4 g6 2. d4 Bg7 3. Nf3 Nf6 4. Bd3 d6 5. h3 0-0 6. c4 c5 7. d5 e6 8. 0-0 exd5 9. exd5 Re8 10. Nc3 a6 11. a4 Nbd7 12. Bd2 Ne5 13. Nxe5 dxe5 14. Re1 Re7 15. Bg5 h6 16. Be3 b6 17. Ne4 Nxe4 18. Bxe4 f5 19. d6 Rd7 20. Bxa8 Rxd6 21. Bd5+ Kh7 22. Qc2 f4 23. Bc1 b5 24. axb5 axb5 25. b3 e4 26. Rb1 bxc4 27. bxc4 f3 28. Bxe4 fxg2 29. Kxg2 Qh4 30. Rh1 Rd4 31. Bxg6+ Kh8 32. Qe2 Rd8 33. Qe4 Qf6 34. Bb2 Qg5+ 35. Kh2 Rf8 36. Bxg7+ Kxg7 37. Qe3 Qxe3 38. fxe3 Kxg6 39. Rhg1+ Kh7 40. Rb8 Rd8 41. e4 Rd2+ 42. Rg2 Rd8 43. e5 Re8 44. e6 Bd7 45. Rxe8 Bxe8 46. e7 h5 47. Kg1 Bf7 48. Kf2 h4 49. Ke3 Be8 50. Kf4 Kh6 51. Ke5 Kh7 52. Kd6 1-0

[Event "Milan Sport&Cultura op"]
[Site "Milan"]
[Date "2010.02.14"]
[Round "5"]
[White "Madaschi, Sergio"]
[Black "Lipari, Alberto"]
[Result "1-0"]
[WhiteElo "1587"]
[BlackElo "1609"]
[PlyCount "113"]
[EventDate "2010.02.12"]
[EventType "swiss"]
[EventRounds "5"]
[EventCountry "ITA"]
[SourceTitle "EXT 2011"]
[Source "ChessBase"]
[SourceDate "2010.11.26"]
[SourceVersion "1"]
[SourceVersionDate "2010.11.26"]
[SourceQuality "1"]

1. d4 d5 2. c4 Nf6 3. Nf3 Nc6 4. e3 Bg4 5. Nbd2 e6 6. Be2 Bb4 7. 0-0 b6 8. Qc2 Bxd2 9. Bxd2 Qd6 10. cxd5 Bxf3 11. Bxf3 Nxd5 12. Bxd5 exd5 13. Rac1 Kd7 14. Qa4 a6 15. a3 f5 16. Bb4 Qf6 17. Be7 Qe6 18. Bh4 b5 19. Qc2 Rhf8 20. Bg3 g5 21. Be5 Rac8 22. Bg3 f4 23. exf4 gxf4 24. Bh4 Nxd4 25. Qxh7+ Kd6 26. Rce1 Ne2+ 27. Kh1 Rh8 28. Qe7+ Qxe7 29. Bxe7+ Kxe7 30. Rxe2+ Kd6 31. Rfe1 c6 32. Re6+ Kc5 33. Rc1+ Kb6 34. Rce1 Ka5 35. Rf6 d4 36. Rxf4 c5 37. g3 d3 38. Rd1 c4 39. Rd2 Ka4 40. Re4 Rhd8 41. f4 Kb3 42. Re1 c3 43. bxc3 Rxc3 44. f5 Rc2 45. Rg2 Rxg2 46. Kxg2 d2 47. Rd1 Kc2 48. Rf1 d1Q 49. Rxd1 Kxd1 50. g4 Rg8 51. Kg3 Ke2 52. Kf4 Kd3 53. g5 Kd4 54. f6 Rf8 55. Kf5 a5 56. g6 Kd5 57. f7 1-0

[Event "Milan Sport&Cultura op"]
[Site "Milan"]
[Date "2010.02.13"]
[Round "3"]
[White "Lipari, Alberto"]
[Black "Veri, Giustino"]
[Result "0-1"]
[WhiteElo "1609"]
[BlackElo "1630"]
[PlyCount "68"]
[EventDate "2010.02.12"]
[EventType "swiss"]
[EventRounds "5"]
[EventCountry "ITA"]
[SourceTitle "EXT 2011"]
[Source "ChessBase"]
[SourceDate "2010.11.26"]
[SourceVersion "1"]
[SourceVersionDate "2010.11.26"]
[SourceQuality "1"]

1. c4 Nf6 2. d4 g6 3. Nc3 d5 4. Bg5 Bg7 5. e3 0-0 6. Bd3 c6 7. h3 Qa5 8. Qc2 dxc4 9. Bxc4 Qxg5 10. f4 Qa5 11. 0-0-0 Nd5 12. Bxd5 cxd5 13. Nf3 Nc6 14. a3 e6 15. g4 Bd7 16. h4 Qd8 17. h5 Qf6 18. hxg6 fxg6 19. Qh2 Kf7 20. Nb5 Ke7 21. f5 exf5 22. Nc7 Qd6 23. Qxd6+ Kxd6 24. Rxh7 Kxc7 25. Rxg7 Rae8 26. Rd3 fxg4 27. Ng5 Rf1+ 28. Kc2 Re7 29. Rxe7 Nxe7 30. e4 dxe4 31. Rc3+ Kd8 32. Nxe4 Bf5 33. Re3 Rf4 34. Kd3 g3 0-1

[Event "Como Province-ch"]
[Site "Villa Guardia"]
[Date "2010.01.23"]
[Round "1"]
[White "Grassetto, Gilberto"]
[Black "Lipari, Alberto"]
[Result "1-0"]
[WhiteElo "1882"]
[BlackElo "1609"]
[PlyCount "105"]
[EventDate "2010.01.23"]
[EventType "swiss"]
[EventRounds "6"]
[EventCountry "ITA"]
[SourceTitle "EXT 2024"]
[Source "ChessBase"]
[SourceDate "2023.10.10"]
[SourceVersion "1"]
[SourceVersionDate "2023.10.10"]
[SourceQuality "1"]

1. d4 d5 2. Nf3 Nc6 3. a3 Bg4 4. e3 e6 5. c4 Nf6 6. Nbd2 h6 7. b4 b6 8. Bb2 Be7 9. cxd5 exd5 10. Bb5 Qd6 11. Ne5 Bd7 12. Nxd7 Nxd7 13. Rc1 Ncb8 14. 0-0 a6 15. Bd3 b5 16. e4 dxe4 17. Nxe4 Qb6 18. Re1 0-0 19. Bb1 f5 20. Nc5 Bg5 21. Qb3+ Kh8 22. Rcd1 Nxc5 23. dxc5 Qg6 24. Qf3 Nc6 25. Rd7 Rfe8 26. Red1 Re7 27. Bxf5 Qe8 28. g4 Ne5 29. Bxe5 Rxe5 30. Rxc7 Rd8 31. Rxd8 Bxd8 32. Rd7 Re1+ 33. Kg2 Bh4 34. Qc3 Bf6 35. Qd3 Qa8+ 36. Qd5 Qxd5+ 37. Rxd5 Ra1 38. c6 Rc1 39. Bd7 Kh7 40. Rd3 Be5 41. h3 Kg6 42. Bf5+ Kf6 43. Be4 g6 44. Rd7 Rc3 45. Ra7 Bd4 46. Rxa6 Ke5 47. Bxg6 Rc4 48. Bd3 Rc3 49. Bxb5 Rc2 50. Kf1 Bxf2 51. Bd3 Rd2 52. c7 Bg3 53. c8Q 1-0

[Event "Como Province-ch"]
[Site "Como"]
[Date "2009.02.01"]
[Round "5"]
[White "Lipari, Alberto"]
[Black "Falconieri, Goffredo"]
[Result "1/2-1/2"]
[WhiteElo "1524"]
[BlackElo "1759"]
[PlyCount "63"]
[EventDate "2009.01.24"]
[EventType "swiss"]
[EventRounds "6"]
[EventCountry "ITA"]
[SourceTitle "EXT 2011"]
[Source "ChessBase"]
[SourceDate "2010.11.26"]
[SourceVersion "1"]
[SourceVersionDate "2010.11.26"]
[SourceQuality "1"]

1. d4 d6 2. c4 Nd7 3. Nc3 e5 4. Nf3 Ngf6 5. Bg5 Be7 6. h3 c6 7. e3 0-0 8. Bd3 Re8 9. 0-0 Qc7 10. Qc2 g6 11. Rfe1 Bf8 12. dxe5 dxe5 13. Ne4 Nxe4 14. Bxe4 Nc5 15. Nd2 Bg7 16. b4 Nxe4 17. Nxe4 Bf5 18. Rad1 Bxe4 19. Qxe4 f6 20. Bh4 Rad8 21. c5 Rxd1 22. Rxd1 Rd8 23. Rxd8+ Qxd8 24. Qc4+ Qd5 25. Qc2 Kf7 26. e4 Qd7 27. a4 a6 28. f3 Bh6 29. Bf2 Bf4 30. g3 Bh6 31. f4 Bf8 32. Kf1 1/2-1/2

[Event "Como Province-ch"]
[Site "Como"]
[Date "2009.01.25"]
[Round "4"]
[White "Gonella, Daniele"]
[Black "Lipari, Alberto"]
[Result "1-0"]
[WhiteElo "1740"]
[BlackElo "1524"]
[PlyCount "55"]
[EventDate "2009.01.24"]
[EventType "swiss"]
[EventRounds "6"]
[EventCountry "ITA"]
[SourceTitle "EXT 2011"]
[Source "ChessBase"]
[SourceDate "2010.11.26"]
[SourceVersion "1"]
[SourceVersionDate "2010.11.26"]
[SourceQuality "1"]

1. e4 c5 2. c3 Nc6 3. Nf3 e6 4. d4 cxd4 5. cxd4 Bb4+ 6. Bd2 d6 7. Bxb4 Nxb4 8. Qa4+ Nc6 9. d5 Qa5+ 10. Qxa5 Nxa5 11. b4 exd5 12. exd5 Nc6 13. dxc6 bxc6 14. Nc3 Nf6 15. b5 c5 16. Bc4 Bb7 17. Rd1 Rd8 18. Nd5 Nxd5 19. Bxd5 Bc8 20. Bc6+ Bd7 21. 0-0 Bxc6 22. bxc6 0-0 23. Rfe1 d5 24. Re7 a5 25. c7 Rc8 26. Rxd5 Rxc7 27. Rxc7 Rb8 28. Rdxc5 1-0

[Event "CO Province-ch"]
[Site "Mariano Comense"]
[Date "2008.01.20"]
[Round "3"]
[White "Napoli, Ferdinando"]
[Black "Lipari, Alberto"]
[Result "1-0"]
[WhiteElo "1802"]
[BlackElo "1506"]
[PlyCount "103"]
[EventDate "2008.01.19"]
[EventType "swiss"]
[EventRounds "6"]
[EventCountry "ITA"]
[SourceTitle "EXT 2009"]
[Source "ChessBase"]
[SourceDate "2008.11.26"]
[SourceVersion "1"]
[SourceVersionDate "2008.11.26"]
[SourceQuality "1"]

1. e4 c5 2. Nf3 Nc6 3. d4 cxd4 4. Nxd4 e6 5. Be2 Nf6 6. Nc3 Bb4 7. f3 a6 8. Be3 0-0 9. 0-0 Bc5 10. Kh1 Qb6 11. Na4 Qa5 12. Nxc5 Qxc5 13. Qd2 Qe5 14. c3 b5 15. Rad1 Bb7 16. Nxc6 Bxc6 17. Bf4 Qh5 18. Bd6 Rfd8 19. Qd4 Nxe4 20. g4 Qg6 21. fxe4 Bxe4+ 22. Bf3 Bxf3+ 23. Rxf3 f6 24. h3 Rac8 25. Qd3 Qf7 26. Rf4 Re8 27. Rf2 e5 28. Qd5 Qxd5+ 29. Rxd5 e4 30. Bf4 Rc4 31. Re2 g5 32. Be3 Re7 33. Bd4 Rc6 34. Kg2 Kg7 35. Rxg5+ Kf7 36. Rf5 Kg6 37. Kg3 Rce6 38. Kf4 h6 39. Ke3 d6 40. b4 Rd7 41. Ref2 Rf7 42. a4 bxa4 43. Ra5 Rd7 44. Rxa6 Kf7 45. Rxa4 d5 46. Rf5 Red6 47. Ra5 Kg6 48. b5 Rh7 49. b6 h5 50. Rxh5 Rxh5 51. gxh5+ Kxh5 52. b7 1-0

[Event "Como op"]
[Site "Como"]
[Date "2007.05.18"]
[Round "6"]
[White "Lipari, Alberto"]
[Black "Corti, Filippo"]
[Result "0-1"]
[WhiteElo "1464"]
[BlackElo "1649"]
[PlyCount "94"]
[EventDate "2007.04.13"]
[EventType "swiss"]
[EventRounds "7"]
[EventCountry "ITA"]
[SourceTitle "EXT 2010"]
[Source "ChessBase"]
[SourceDate "2010.11.25"]
[SourceVersion "1"]
[SourceVersionDate "2010.11.25"]
[SourceQuality "1"]

1. d4 Nf6 2. c4 g6 3. Nc3 Bg7 4. e4 d6 5. Nf3 0-0 6. Bf4 Nh5 7. Be3 e5 8. d5 f5 9. Bg5 Nf6 10. Be2 h6 11. Bxf6 Qxf6 12. g3 a5 13. a4 Na6 14. Qd2 Nc5 15. Qc2 fxe4 16. Nxe4 Nxe4 17. Qxe4 Bf5 18. Qe3 e4 19. Nd2 Qd4 20. Qxd4 Bxd4 21. g4 Bd7 22. Nxe4 Rae8 23. f3 Bxg4 24. 0-0-0 Be3+ 25. Nd2 Bxf3 26. Bxf3 Rxf3 27. Kb1 Bxd2 28. Rxd2 Re4 29. Rc2 b6 30. Ka2 Rff4 31. b3 Re3 32. Rg2 Kf7 33. Rhg1 g5 34. Rh1 Rff3 35. Rb2 h5 36. Rg1 g4 37. Rgg2 Kf6 38. Rgd2 Ke5 39. Rg2 Kf4 40. Rgd2 Re4 41. Rb1 h4 42. Rg1 g3 43. hxg3+ hxg3 44. Ka3 Rf2 45. Rdd1 Ree2 46. Ra1 g2 47. b4 Re3# 0-1